সংস্কৃত সাহিত্যে বাঙালীর দান / (Record no. 49166)
[ view plain ]
| 000 -LEADER | |
|---|---|
| fixed length control field | 00978nam a2200217 a 4500 |
| 001 - CONTROL NUMBER | |
| control field | 49166 |
| 003 - CONTROL NUMBER IDENTIFIER | |
| rucl marc code | BD-RjUL |
| 005 - DATE AND TIME OF LATEST TRANSACTION | |
| control field | 20211209054637.0 |
| 008 - FIXED-LENGTH DATA ELEMENTS--GENERAL INFORMATION | |
| fixed length control field | 211018s1962 ii 000 0 ben d |
| 035 ## - SYSTEM CONTROL NUMBER | |
| System control number | (BD-RjUL)49285 |
| 040 ## - CATALOGING SOURCE | |
| Original cataloging agency | MAL |
| Modifying agency | BD-RjUL |
| Language of cataloging | ben |
| Transcribing agency | BD-RjUL |
| 041 ## - LANGUAGE CODE | |
| Language code of text/sound track or separate title | ben |
| 082 00 - DEWEY DECIMAL CLASSIFICATION NUMBER | |
| Edition number | 23 |
| Classification number | 891.209 |
| Author mark and year | BAS 1962 |
| 100 ## - MAIN ENTRY--PERSONAL NAME | |
| Personal name | বন্দ্যোপাধ্যায়, সুরেশচন্দ্র |
| 9 (RLIN) | 249119 |
| 245 ## - TITLE STATEMENT | |
| Title | সংস্কৃত সাহিত্যে বাঙালীর দান / |
| Statement of responsibility, etc. | সুরেশচন্দ্র বন্দ্যোপাধ্যায় |
| 260 ## - PUBLICATION, DISTRIBUTION, ETC. (IMPRINT) | |
| Place of publication, distribution, etc. | কলকাতা : |
| Name of publisher, distributor, etc. | সংস্কৃত পুস্তক ভান্ডার, |
| Date of publication, distribution, etc. | ১৯৬২ |
| 300 ## - PHYSICAL DESCRIPTION | |
| Pagination | ৫৫৪ পৃ. ; |
| Size | ২২ সেমি. |
| 650 ## - SUBJECT ADDED ENTRY--TOPICAL TERM | |
| Topical term or geographic name as entry element | সংস্কৃত সাহিত্য |
| General subdivision | ইতিহাস ও সমালোচনা |
| 9 (RLIN) | 249120 |
| Topical term or geographic name as entry element | Sanskrit literature |
| General subdivision | History and Criticism |
| 9 (RLIN) | 249121 |
| 942 ## - ADDED ENTRY ELEMENTS (KOHA) | |
| Source of classification or shelving scheme | Dewey Decimal Classification |
| Koha item type | Books |
| Lost status | Source of classification or shelving scheme | Damaged status | Not for loan | Collection code | Permanent Location | Current Location | Shelving location | Date acquired | Source of acquisition | Total Checkouts | Full call number | Date last seen | Copy number | Koha item type | Cost, normal purchase price |
|---|---|---|---|---|---|---|---|---|---|---|---|---|---|---|---|
| Dewey Decimal Classification | Not For Loan | Non-fiction | Central Library, University of Rajshahi | Central Library, University of Rajshahi | Reading Room | 24/08/1973 | Government of India | B 891.209 BAS 1962 | 18/10/2021 | C-1 | Books | ||||
| Dewey Decimal Classification | Non-fiction | Central Library, University of Rajshahi | Central Library, University of Rajshahi | 21/10/2021 | Calcutta India International | B 891.209 BAS 1962 | 21/10/2021 | C-2 | Books | 25.00 |